| 000 | 00566nam a2200169 i 4500 | ||
|---|---|---|---|
| 001 | 49083 | ||
| 003 | ES-MaACL | ||
| 005 | 20230906161900.0 | ||
| 007 | t| | ||
| 008 | 030707s1902 sp ||||1| spa d | ||
| 100 | 1 |
_aCorrales y Sánchez, Enrique. _940739 |
|
| 245 | 1 | 3 |
_aLa Institución del Tribunal de Cuentas en España y en el extranjero / _cEnrique Corrales y Sánchez. |
| 260 |
_aMadrid : _bRevista de Legislación Europea, _c1902. |
||
| 300 |
_a106 p. ; _c18 cm. |
||
| 610 | 1 |
_aEspaña. _bTribunal de Cuentas- _vHistoria. _94003 |
|
| 852 |
_aES-MaACL _jT-999-F-7 |
||
| 999 |
_c49083 _d49083 |
||